[Event "EYTCC U18 Open 2019"]
[Site "Pardubice"]
[Date "2019.07.15"]
[Round "5.28"]
[White "Schmidek, Emil"]
[Black "Globus, Or"]
[Result "1-0"]
[WhiteElo "2391"]
[BlackElo "2352"]
[Annotator "ChessBase"]
[PlyCount "81"]
[EventDate "2019.07.11"]
[EventType "swiss"]
[EventCountry "CZE"]
[SourceTitle "playchess.com"]
[Source "ChessBase"]
[SourceQuality "1"]
[WhiteTeam "Germany"]
[BlackTeam "Israel"]
[WhiteTeamCountry "GER"]
[BlackTeamCountry "ISR"]
[TimeControl "40/5400+30:1800+30"]

1. e4 {[%emt 0:00:00]} e5 {[%emt 0:00:00]} 2. Nf3 {[%emt 0:00:00]} Nc6 {[%emt 0:00:00]} 3. Bb5 {[%emt 0:00:00]} a6 {[%emt 0:00:00]} 4. Ba4 {[%emt 0:00:00]} Nf6 {[%emt 0:00:00]} 5. d3 {[%emt 0:00:00]} Bc5 {[%emt 0:00:52]} 6. c3 {[%emt 0:00:01]} d6 {[%emt 0:00:04]} 7. O-O {[%emt 0:00:24]} O-O {[%emt 0:00:11]} 8. Bg5 {[%emt 0:00:50]} Ba7 {[%emt 0:03:04]} 9. Nbd2 {[%emt 0:01:19]} h6 {[%emt 0:02:06]} 10. Bh4 {[%emt 0:00:28]} g5 {[%emt 0:13:17]} 11. Bg3 {[%emt 0:04:43]} Nh7 {[%emt 0:06:05]} 12. h3 {[%emt 0:31:10]} Ne7 {[%emt 0:01:21]} 13. d4 {[%emt 0:05:35]} f6 {[%emt 0:03:05]} 14. Re1 {[%emt 0:07:34]} Kh8 {[%emt 0:18:18]} 15. Nf1 {[%emt 0:00:43]} g4 {[%emt 0:01:42]} 16. hxg4 {[%emt 0:01:42]} Bxg4 {[%emt 0:00:15]} 17. N1h2 {[%emt 0:01:13]} Bh5 {[%emt 0:02:11]} 18. Qd2 {[%emt 0:02:08]} Ng5 {[%emt 0:00:21]} 19. Bd1 {[%emt 0:01:50]} Bg6 {[%emt 0:02:46]} 20. Nh4 {[%emt 0:14:05]} Bh7 {[%emt 0:00:14]} 21. Bh5 {[%emt 0:03:34]} c5 {[%emt 0:03:43]} 22. dxe5 {[%emt 0:03:31]} dxe5 {[%emt 0:00:52]} 23. Qc2 {[%emt 0:01:14]} c4 {[%emt 0:02:14]} 24. Rad1 {[%emt 0:01:25]} Qc7 {[%emt 0:00:30]} 25. Kh1 {[%emt 0:02:54]} Rad8 {[%emt 0:02:20]} 26. f3 {[%emt 0:00:58]} Kg7 {[%emt 0:00:31]} 27. Ng4 {[%emt 0:02:01]} b5 {[%emt 0:01:10]} 28. Bf2 {[%emt 0:03:36]} Bxf2 {[%emt 0:03:06]} 29. Qxf2 {[%emt 0:00:35]} Rd6 {[%emt 0:02:03]} 30. Ne3 {[%emt 0:03:47]} Rfd8 {[%emt 0:04:23]} 31. Qe2 {[%emt 0:00:52]} Ne6 {[%emt 0:05:28]} 32. g3 {[%emt 0:03:11]} Nc5 {[%emt 0:03:22]} 33. Bg4 {[%emt 0:01:03]} Na4 {[%emt 0:06:29]} 34. Rxd6 {[%emt 0:02:37]} Rxd6 {[%emt 0:02:23]} 35. Bf5 {[%emt 0:00:43]} Rd3 {[%emt 0:02:48]} 36. f4 {[%emt 0:00:47]} exf4 {[%emt 0:01:56]} 37. Qg4+ {[%emt 0:00:13]} Kf8 {[%emt 0:01:46]} 38. gxf4 {[%emt 0:00:19]} Nxf5 {[%emt 0:02:17]} 39. Nexf5 {[%emt 0:00:40]} h5 {[%emt 0:02:44]} 40. Qxh5 {[%emt 0:01:02]} Qxf4 {[%emt 0:01:35]} 41. Ng6+ {[%emt 0:30:12]} 1-0

[Event "EYTCC U18 Open 2019"]
[Site "Pardubice"]
[Date "2019.07.15"]
[Round "5.29"]
[White "Blohberger, Felix"]
[Black "Van Foreest, Lucas"]
[Result "0-1"]
[WhiteElo "2476"]
[BlackElo "2521"]
[Annotator "ChessBase"]
[PlyCount "54"]
[EventDate "2019.07.11"]
[EventType "swiss"]
[EventCountry "CZE"]
[SourceTitle "playchess.com"]
[Source "ChessBase"]
[SourceQuality "1"]
[WhiteTeam "Austria"]
[BlackTeam "Netherlands"]
[WhiteTeamCountry "AUT"]
[BlackTeamCountry "NED"]
[TimeControl "40/5400+30:1800+30"]

1. c4 {[%emt 0:00:00]} e5 {[%emt 0:01:45]} 2. Nc3 {[%emt 0:00:00]} d6 {[%emt 0:00:07]} 3. d4 {[%emt 0:01:38]} Nd7 {[%emt 0:05:43]} 4. Nf3 {[%emt 0:01:55]} g6 {[%emt 0:01:04]} 5. e4 {[%emt 0:02:58]} Bg7 {[%emt 0:00:18]} 6. Be2 {[%emt 0:00:51]} Ne7 {[%emt 0:00:34]} 7. h4 {[%emt 0:16:12]} h6 {[%emt 0:04:37]} 8. d5 {[%emt 0:04:36]} f5 {[%emt 0:03:47]} 9. h5 {[%emt 0:00:47]} g5 {[%emt 0:06:09]} 10. exf5 {[%emt 0:01:25]} Nxf5 {[%emt 0:08:39]} 11. Nd2 {[%emt 0:05:34]} e4 {[%emt 0:07:04]} 12. Ndxe4 {[%emt 0:03:04]} O-O {[%emt 0:02:17]} 13. O-O {[%emt 0:12:50]} Ne5 {[%emt 0:03:53]} 14. Ng3 {[%emt 0:05:54]} Nxg3 {[%emt 0:07:36]} 15. fxg3 {[%emt 0:00:14]} Rxf1+ {[%emt 0:00:04]} 16. Qxf1 {[%emt 0:08:03]} Ng4 {[%emt 0:00:12]} 17. Bxg4 {[%emt 0:02:30]} Bxg4 {[%emt 0:01:03]} 18. Be3 {[%emt 0:01:52]} Bxh5 {[%emt 0:08:20]} 19. Qf2 {[%emt 0:04:07]} Qf6 {[%emt 0:03:17]} 20. Nb5 {[%emt 0:06:16]} Re8 {[%emt 0:11:26]} 21. Nxc7 {[%emt 0:05:18]} Rxe3 {[%emt 0:00:07]} 22. Qxe3 {[%emt 0:00:07]} Qxb2 {[%emt 0:00:02]} 23. Rd1 {[%emt 0:02:21]} Be5 {[%emt 0:04:53]} 24. Rd3 {[%emt 0:07:16]} Bg6 {[%emt 0:00:05]} 25. Kh2 {[%emt 0:00:36]} Qc2 {[%emt 0:00:59]} 26. Rb3 {[%emt 0:02:25]} Be4 {[%emt 0:02:06]} 27. Qg1 {[%emt 0:01:46]} Qe2 {[%emt 0:00:39]} 0-1

[Event "EYTCC U18 Open 2019"]
[Site "Pardubice"]
[Date "2019.07.15"]
[Round "5.30"]
[White "Schoppen, Casper"]
[Black "Horvath, Dominik"]
[Result "1-0"]
[WhiteElo "2493"]
[BlackElo "2424"]
[Annotator "ChessBase"]
[PlyCount "75"]
[EventDate "2019.07.11"]
[EventType "swiss"]
[EventCountry "CZE"]
[SourceTitle "playchess.com"]
[Source "ChessBase"]
[SourceQuality "1"]
[WhiteTeam "Netherlands"]
[BlackTeam "Austria"]
[WhiteTeamCountry "NED"]
[BlackTeamCountry "AUT"]
[TimeControl "40/5400+30:1800+30"]

1. d4 {[%emt 0:00:00]} Nf6 {[%emt 0:00:00]} 2. c4 {[%emt 0:00:00]} e6 {[%emt 0:00:00]} 3. Nf3 {[%emt 0:00:00]} d5 {[%emt 0:00:07]} 4. Nc3 {[%emt 0:00:00]} Bb4 {[%emt 0:00:27]} 5. cxd5 exd5 {[%emt 0:00:06]} 6. Bf4 {[%emt 0:01:52]} Ne4 {[%emt 0:01:42]} 7. Rc1 {[%emt 0:06:30]} Nc6 {[%emt 0:00:36]} 8. Nd2 {[%emt 0:07:37]} g5 {[%emt 0:05:15]} 9. Be3 {[%emt 0:00:10]} Nxc3 {[%emt 0:02:33]} 10. bxc3 {[%emt 0:00:06]} Bd6 {[%emt 0:00:49]} 11. h4 {[%emt 0:00:17]} Bf4 {[%emt 0:09:55]} 12. c4 {[%emt 0:00:23]} Bxe3 {[%emt 0:02:08]} 13. fxe3 {[%emt 0:00:05]} Qd6 {[%emt 0:02:36]} 14. Qb3 {[%emt 0:10:29]} Be6 {[%emt 0:13:07]} 15. Qxb7 {[%emt 0:27:47]} Rb8 {[%emt 0:03:04]} 16. Qa6 {[%emt 0:00:13]} Rb6 {[%emt 0:21:07]} 17. Qa4 {[%emt 0:00:13]} Qg3+ {[%emt 0:01:26]} 18. Kd1 {[%emt 0:00:05]} Qxe3 {[%emt 0:00:24]} 19. cxd5 Bxd5 {[%emt 0:04:51]} 20. Rh3 {[%emt 0:03:53]} Qf4 {[%emt 0:03:22]} 21. e3 {[%emt 0:21:24]} Qf2 {[%emt 0:02:06]} 22. hxg5 {[%emt 0:13:13]} Bxg2 {[%emt 0:05:17]} 23. Bxg2 {[%emt 0:00:25]} Qxg2 {[%emt 0:00:03]} 24. Rf3 {[%emt 0:01:41]} Qg1+ {[%emt 0:03:54]} 25. Rf1 {[%emt 0:01:04]} Qg4+ {[%emt 0:00:17]} 26. Ke1 {[%emt 0:00:25]} Qg3+ {[%emt 0:01:22]} 27. Kd1 {[%emt 0:00:51]} Qg4+ {[%emt 0:00:07]} 28. Ke1 {[%emt 0:00:32]} Qg3+ {[%emt 0:00:04]} 29. Rf2 {[%emt 0:02:40]} O-O {[%emt 0:10:05]} 30. Nf1 {[%emt 0:00:13]} Qd6 {[%emt 0:00:39]} 31. Rf6 {[%emt 0:00:12]} Qd5 {[%emt 0:00:50]} 32. Rfxc6 {[%emt 0:00:55]} Rb2 {[%emt 0:00:03]} 33. R6c2 {[%emt 0:00:46]} Rxc2 {[%emt 0:00:17]} 34. Qxc2 {[%emt 0:00:20]} Re8 {[%emt 0:00:08]} 35. Qc6 {[%emt 0:01:01]} Qa5+ {[%emt 0:00:09]} 36. Kf2 {[%emt 0:00:31]} Re6 {[%emt 0:00:05]} 37. Qxc7 {[%emt 0:00:21]} Qxa2+ {[%emt 0:00:12]} 38. Kg1 1-0

[Event "EYTCC U18 Open 2019"]
[Site "Pardubice"]
[Date "2019.07.15"]
[Round "5.31"]
[White "Morgunov, Daniel"]
[Black "Kevlishvili, Robby"]
[Result "1/2-1/2"]
[WhiteElo "2316"]
[BlackElo "2480"]
[Annotator "ChessBase"]
[PlyCount "93"]
[EventDate "2019.07.11"]
[EventType "swiss"]
[EventCountry "CZE"]
[SourceTitle "playchess.com"]
[Source "ChessBase"]
[SourceQuality "1"]
[WhiteTeam "Austria"]
[BlackTeam "Netherlands"]
[WhiteTeamCountry "AUT"]
[BlackTeamCountry "NED"]
[TimeControl "40/5400+30:1800+30"]

1. e4 {[%emt 0:00:00]} c5 {[%emt 0:00:00]} 2. Nf3 {[%emt 0:00:00]} d6 {[%emt 0:00:00]} 3. Bb5+ {[%emt 0:00:00]} Nd7 {[%emt 0:00:00]} 4. O-O {[%emt 0:00:00]} Ngf6 {[%emt 0:01:43]} 5. Re1 {[%emt 0:00:02]} a6 {[%emt 0:00:04]} 6. Bf1 {[%emt 0:00:09]} b6 {[%emt 0:00:04]} 7. d4 {[%emt 0:01:17]} cxd4 {[%emt 0:00:11]} 8. Nxd4 {[%emt 0:00:12]} Bb7 {[%emt 0:00:11]} 9. f3 {[%emt 0:00:21]} e6 {[%emt 0:05:05]} 10. c4 {[%emt 0:00:10]} Be7 {[%emt 0:00:06]} 11. Nc3 {[%emt 0:00:09]} O-O {[%emt 0:00:21]} 12. Be3 {[%emt 0:00:13]} Qc7 {[%emt 0:00:40]} 13. Qd2 {[%emt 0:03:02]} Rac8 {[%emt 0:01:03]} 14. Rac1 {[%emt 0:01:30]} Qb8 {[%emt 0:03:40]} 15. Qf2 {[%emt 0:08:53]} Bd8 {[%emt 0:02:11]} 16. Kh1 {[%emt 0:05:03]} Bc7 {[%emt 0:01:12]} 17. Red1 {[%emt 0:03:44]} Rfe8 {[%emt 0:05:16]} 18. b3 {[%emt 0:23:18]} Ne5 {[%emt 0:13:57]} 19. Nc2 {[%emt 0:07:27]} Ned7 {[%emt 0:04:52]} 20. Nd4 {[%emt 0:06:35]} Qa8 {[%emt 0:03:57]} 21. b4 {[%emt 0:03:57]} d5 {[%emt 0:14:43]} 22. cxd5 {[%emt 0:05:13]} exd5 {[%emt 0:00:15]} 23. exd5 {[%emt 0:01:57]} Bxd5 {[%emt 0:03:00]} 24. Nf5 {[%emt 0:05:11]} Be6 {[%emt 0:17:25]} 25. Nd6 {[%emt 0:05:09]} Bxd6 {[%emt 0:00:08]} 26. Rxd6 {[%emt 0:00:04]} Bc4 {[%emt 0:08:17]} 27. Na4 {[%emt 0:09:06]} Bxf1 {[%emt 0:02:19]} 28. Rxf1 {[%emt 0:00:10]} b5 {[%emt 0:02:49]} 29. Nc5 {[%emt 0:02:33]} Nxc5 {[%emt 0:00:30]} 30. bxc5 Nd5 {[%emt 0:00:30]} 31. Bd4 {[%emt 0:02:55]} Ne7 {[%emt 0:00:14]} 32. Qg3 {[%emt 0:04:19]} Nf5 {[%emt 0:00:33]} 33. Qg5 {[%emt 0:00:46]} Nxd4 {[%emt 0:00:56]} 34. Rxd4 {[%emt 0:00:06]} h6 {[%emt 0:01:10]} 35. Qf5 {[%emt 0:00:41]} Qc6 {[%emt 0:01:01]} 36. Rd5 {[%emt 0:01:35]} Qe6 {[%emt 0:00:11]} 37. Qxe6 {[%emt 0:01:24]} Rxe6 {[%emt 0:00:06]} 38. Rc1 {[%emt 0:00:30]} Re2 {[%emt 0:00:16]} 39. a3 {[%emt 0:00:44]} Re3 {[%emt 0:00:29]} 40. Kg1 {[%emt 0:00:51]} Rxa3 {[%emt 0:01:46]} 41. c6 {[%emt 0:30:24]} Re3 {[%emt 0:30:14]} 42. c7 {[%emt 0:00:18]} Kf8 {[%emt 0:00:29]} 43. Rd8+ {[%emt 0:00:29]} Re8 {[%emt 0:00:05]} 44. Rd6 {[%emt 0:00:00]} Re7 {[%emt 0:00:00]} 45. Rd8+ {[%emt 0:00:00]} Re8 {[%emt 0:00:00]} 46. Rd6 {[%emt 0:00:00]} Re7 {[%emt 0:00:00]} 47. Rd8+ {[%emt 0:00:00]} 1/2-1/2

[Event "EYTCC U18 Open 2019"]
[Site "Pardubice"]
[Date "2019.07.15"]
[Round "5.32"]
[White "Vrolijk, Liam"]
[Black "Morgunov, Marc"]
[Result "0-1"]
[WhiteElo "2478"]
[BlackElo "2314"]
[Annotator "ChessBase"]
[PlyCount "108"]
[EventDate "2019.07.11"]
[EventType "swiss"]
[EventCountry "CZE"]
[SourceTitle "playchess.com"]
[Source "ChessBase"]
[SourceQuality "1"]
[WhiteTeam "Netherlands"]
[BlackTeam "Austria"]
[WhiteTeamCountry "NED"]
[BlackTeamCountry "AUT"]
[TimeControl "40/5400+30:1800+30"]

1. d4 {[%emt 0:00:00]} Nf6 {[%emt 0:00:00]} 2. Bg5 {[%emt 0:00:00]} Ne4 {[%emt 0:00:41]} 3. Bf4 {[%emt 0:00:00]} d5 {[%emt 0:02:34]} 4. e3 {[%emt 0:00:00]} c5 {[%emt 0:04:16]} 5. Bd3 {[%emt 0:00:46]} Nf6 {[%emt 0:07:11]} 6. dxc5 {[%emt 0:01:17]} Nc6 {[%emt 0:03:09]} 7. Nf3 {[%emt 0:02:31]} e6 {[%emt 0:00:56]} 8. O-O {[%emt 0:00:55]} Bxc5 {[%emt 0:01:01]} 9. c4 {[%emt 0:00:50]} dxc4 {[%emt 0:03:45]} 10. Bxc4 {[%emt 0:00:40]} O-O {[%emt 0:02:05]} 11. Nc3 {[%emt 0:06:48]} a6 {[%emt 0:07:26]} 12. Rc1 {[%emt 0:07:27]} Be7 {[%emt 0:16:03]} 13. Bb3 {[%emt 0:11:24]} Qa5 {[%emt 0:04:45]} 14. h3 {[%emt 0:08:05]} Rd8 {[%emt 0:02:39]} 15. Qe2 {[%emt 0:00:48]} Bd7 {[%emt 0:01:44]} 16. e4 {[%emt 0:04:35]} Be8 {[%emt 0:11:30]} 17. e5 {[%emt 0:06:55]} Nd7 {[%emt 0:00:54]} 18. Rcd1 {[%emt 0:12:01]} Nc5 {[%emt 0:03:27]} 19. Bc2 {[%emt 0:00:36]} Qb4 {[%emt 0:02:33]} 20. Be3 {[%emt 0:03:02]} Nd7 {[%emt 0:04:30]} 21. a3 {[%emt 0:03:25]} Qa5 {[%emt 0:00:08]} 22. Bf4 {[%emt 0:00:51]} Rac8 {[%emt 0:01:11]} 23. h4 {[%emt 0:06:18]} Nf8 {[%emt 0:03:36]} 24. h5 {[%emt 0:01:33]} h6 {[%emt 0:01:41]} 25. Ne4 {[%emt 0:02:42]} Qb6 {[%emt 0:03:11]} 26. Nd6 {[%emt 0:04:03]} Bxd6 {[%emt 0:00:25]} 27. exd6 {[%emt 0:00:08]} f6 {[%emt 0:01:40]} 28. Be3 {[%emt 0:04:37]} Qa5 {[%emt 0:00:46]} 29. g4 {[%emt 0:00:59]} Ne5 {[%emt 0:02:15]} 30. Nxe5 {[%emt 0:03:29]} Qxe5 {[%emt 0:00:12]} 31. Rfe1 {[%emt 0:00:20]} Rc6 {[%emt 0:03:59]} 32. f4 {[%emt 0:01:09]} Qa5 {[%emt 0:00:04]} 33. Be4 {[%emt 0:01:44]} Rcxd6 {[%emt 0:00:11]} 34. Rxd6 {[%emt 0:00:41]} Rxd6 {[%emt 0:00:04]} 35. Bxb7 {[%emt 0:01:01]} f5 {[%emt 0:04:34]} 36. Bf3 {[%emt 0:02:39]} fxg4 {[%emt 0:01:07]} 37. Bxg4 {[%emt 0:00:07]} Nh7 {[%emt 0:01:06]} 38. Bf2 {[%emt 0:00:52]} Bf7 {[%emt 0:00:44]} 39. Qe5 {[%emt 0:01:18]} Qd8 {[%emt 0:00:45]} 40. Bf3 {[%emt 0:02:08]} Rd3 {[%emt 0:00:36]} 41. Be4 {[%emt 0:05:25]} Rh3 {[%emt 0:02:30]} 42. Bg6 {[%emt 0:02:48]} Qe8 {[%emt 0:12:49]} 43. f5 {[%emt 0:05:46]} Ng5 {[%emt 0:01:45]} 44. Re3 {[%emt 0:08:01]} Bxg6 {[%emt 0:03:22]} 45. hxg6 {[%emt 0:03:15]} Nf3+ {[%emt 0:01:16]} 46. Rxf3 {[%emt 0:00:07]} Rxf3 {[%emt 0:00:03]} 47. Bd4 {[%emt 0:02:06]} Qe7 {[%emt 0:02:56]} 48. fxe6 {[%emt 0:00:18]} Rf6 {[%emt 0:00:43]} 49. Qb8+ {[%emt 0:00:08]} Rf8 {[%emt 0:00:05]} 50. Qe5 {[%emt 0:00:15]} Re8 {[%emt 0:00:10]} 51. b4 {[%emt 0:01:49]} Qg5+ {[%emt 0:03:29]} 52. Qxg5 {[%emt 0:00:07]} hxg5 {[%emt 0:00:03]} 53. a4 {[%emt 0:00:07]} Rxe6 {[%emt 0:00:05]} 54. b5 {[%emt 0:00:05]} Re4 {[%emt 0:00:25]} 0-1

[Event "EYTCC U18 Open 2019"]
[Site "Pardubice"]
[Date "2019.07.15"]
[Round "5.33"]
[White "Zarubitski, Viachaslau"]
[Black "Ivic, Velimir"]
[Result "1-0"]
[WhiteElo "2424"]
[BlackElo "2510"]
[Annotator "ChessBase"]
[PlyCount "99"]
[EventDate "2019.07.11"]
[EventType "swiss"]
[EventCountry "CZE"]
[SourceTitle "playchess.com"]
[Source "ChessBase"]
[SourceQuality "1"]
[WhiteTeam "Belarus"]
[BlackTeam "Serbia"]
[WhiteTeamCountry "BLR"]
[BlackTeamCountry "SRB"]
[TimeControl "40/5400+30:1800+30"]

1. e4 {[%emt 0:00:00]} c5 {[%emt 0:00:00]} 2. Nf3 {[%emt 0:00:00]} d6 {[%emt 0:00:00]} 3. Bb5+ {[%emt 0:00:00]} Nd7 {[%emt 0:00:00]} 4. d4 {[%emt 0:00:00]} cxd4 {[%emt 0:00:08]} 5. Qxd4 {[%emt 0:00:00]} a6 {[%emt 0:00:05]} 6. Bxd7+ {[%emt 0:00:02]} Bxd7 {[%emt 0:00:05]} 7. Nc3 {[%emt 0:00:05]} e5 {[%emt 0:00:34]} 8. Qd3 {[%emt 0:00:03]} Rc8 {[%emt 0:00:04]} 9. O-O {[%emt 0:00:28]} h6 {[%emt 0:00:19]} 10. Nd2 {[%emt 0:00:22]} Nf6 {[%emt 0:00:40]} 11. Nc4 {[%emt 0:00:19]} Be6 {[%emt 0:00:16]} 12. Ne3 {[%emt 0:00:05]} Be7 {[%emt 0:00:12]} 13. Rd1 {[%emt 0:00:35]} O-O {[%emt 0:00:23]} 14. Bd2 {[%emt 0:00:21]} Qb6 {[%emt 0:08:46]} 15. a4 {[%emt 0:00:41]} Rfe8 {[%emt 0:14:17]} 16. Be1 {[%emt 0:03:38]} Qc6 {[%emt 0:22:15]} 17. f3 {[%emt 0:05:17]} Bc4 {[%emt 0:07:22]} 18. Nxc4 {[%emt 0:01:46]} Qxc4 {[%emt 0:00:07]} 19. Qxc4 {[%emt 0:00:05]} Rxc4 {[%emt 0:00:04]} 20. Kf1 {[%emt 0:17:54]} Rec8 {[%emt 0:02:46]} 21. Rd2 {[%emt 0:09:40]} Kf8 {[%emt 0:02:14]} 22. Nd1 {[%emt 0:02:22]} Nd7 {[%emt 0:23:07]} 23. Ne3 {[%emt 0:05:02]} R4c6 {[%emt 0:00:05]} 24. h4 {[%emt 0:02:01]} g6 {[%emt 0:02:23]} 25. a5 {[%emt 0:13:57]} Ke8 {[%emt 0:07:25]} 26. b3 {[%emt 0:01:30]} Nf8 {[%emt 0:05:21]} 27. Nc4 {[%emt 0:01:25]} Ne6 {[%emt 0:00:27]} 28. Bf2 {[%emt 0:01:02]} f5 {[%emt 0:00:55]} 29. Rad1 {[%emt 0:04:41]} Rxc4 {[%emt 0:00:19]} 30. bxc4 {[%emt 0:00:05]} Rxc4 {[%emt 0:00:06]} 31. exf5 {[%emt 0:07:54]} gxf5 {[%emt 0:00:01]} 32. Rb1 {[%emt 0:00:06]} Nd8 {[%emt 0:01:02]} 33. g3 {[%emt 0:00:25]} h5 {[%emt 0:01:18]} 34. Be3 {[%emt 0:00:41]} Ra4 {[%emt 0:01:20]} 35. Bg5 {[%emt 0:02:41]} Rxa5 {[%emt 0:00:59]} 36. Rb6 {[%emt 0:00:15]} d5 {[%emt 0:01:49]} 37. Rh6 {[%emt 0:01:10]} Nf7 {[%emt 0:00:20]} 38. Rxh5 {[%emt 0:00:05]} Bb4 {[%emt 0:00:11]} 39. Re2 {[%emt 0:00:18]} Ra3 {[%emt 0:01:02]} 40. Kg2 {[%emt 0:00:39]} Kd7 {[%emt 0:00:37]} 41. Bc1 {[%emt 0:37:50]} Ra2 {[%emt 0:06:42]} 42. Rxf5 {[%emt 0:00:00]} Ke6 {[%emt 0:00:02]} 43. g4 {[%emt 0:00:00]} d4 {[%emt 0:00:08]} 44. Bg5 {[%emt 0:00:00]} d3 {[%emt 0:03:07]} 45. Rf6+ {[%emt 0:00:00]} Ke7 {[%emt 0:04:38]} 46. Rxe5+ {[%emt 0:00:00]} Nxe5 {[%emt 0:01:04]} 47. Rxa6+ {[%emt 0:00:00]} Kd7 {[%emt 0:01:08]} 48. Rxa2 {[%emt 0:00:00]} d2 {[%emt 0:00:03]} 49. Ra1 {[%emt 0:00:00]} Nc4 {[%emt 0:00:04]} 50. Kf1 {[%emt 0:00:00]} 1-0

[Event "EYTCC U18 Open 2019"]
[Site "Pardubice"]
[Date "2019.07.15"]
[Round "5.34"]
[White "Radovanovic, Mihajlo"]
[Black "BADELKA, Olga"]
[Result "1/2-1/2"]
[WhiteElo "2500"]
[BlackElo "2386"]
[Annotator "ChessBase"]
[PlyCount "88"]
[EventDate "2019.07.11"]
[EventType "swiss"]
[EventCountry "CZE"]
[SourceTitle "playchess.com"]
[Source "ChessBase"]
[SourceQuality "1"]
[WhiteTeam "Serbia"]
[WhiteTeamCountry "SRB"]
[TimeControl "40/5400+30:1800+30"]

1. d4 {[%emt 0:00:00]} Nf6 {[%emt 0:00:00]} 2. c4 {[%emt 0:00:00]} e6 {[%emt 0:00:00]} 3. Nf3 {[%emt 0:00:00]} b6 {[%emt 0:00:06]} 4. a3 {[%emt 0:00:08]} Bb7 {[%emt 0:00:13]} 5. Nc3 {[%emt 0:00:04]} g6 {[%emt 0:00:26]} 6. Qc2 {[%emt 0:02:46]} Bg7 {[%emt 0:00:19]} 7. e4 {[%emt 0:01:26]} d6 {[%emt 0:00:14]} 8. Be2 {[%emt 0:02:04]} O-O {[%emt 0:00:33]} 9. O-O {[%emt 0:00:46]} Nbd7 {[%emt 0:00:10]} 10. h3 {[%emt 0:04:05]} c5 {[%emt 0:00:17]} 11. d5 {[%emt 0:00:32]} a6 {[%emt 0:06:49]} 12. Rd1 {[%emt 0:08:24]} exd5 {[%emt 0:01:31]} 13. exd5 {[%emt 0:00:14]} Re8 {[%emt 0:15:48]} 14. a4 {[%emt 0:02:20]} Nh5 {[%emt 0:04:48]} 15. g4 {[%emt 0:12:09]} Nhf6 {[%emt 0:01:07]} 16. Bf4 {[%emt 0:02:23]} Qc7 {[%emt 0:02:39]} 17. Bd3 {[%emt 0:02:31]} h5 {[%emt 0:02:06]} 18. g5 {[%emt 0:01:49]} Nh7 {[%emt 0:00:07]} 19. a5 {[%emt 0:01:49]} Ne5 {[%emt 0:04:18]} 20. Nxe5 {[%emt 0:02:58]} Bxe5 {[%emt 0:00:07]} 21. Bxe5 {[%emt 0:03:56]} Rxe5 {[%emt 0:00:07]} 22. f4 {[%emt 0:00:19]} Re3 {[%emt 0:02:55]} 23. Qf2 {[%emt 0:09:56]} Rae8 {[%emt 0:02:41]} 24. Re1 {[%emt 0:03:17]} Rxe1+ {[%emt 0:04:48]} 25. Rxe1 {[%emt 0:00:34]} Rxe1+ {[%emt 0:00:34]} 26. Qxe1 {[%emt 0:00:05]} bxa5 {[%emt 0:01:40]} 27. Qe3 {[%emt 0:14:09]} Bc8 {[%emt 0:03:24]} 28. Ne2 {[%emt 0:00:31]} Kf8 {[%emt 0:09:55]} 29. f5 {[%emt 0:07:14]} Bxf5 {[%emt 0:07:23]} 30. Bxf5 {[%emt 0:00:09]} gxf5 {[%emt 0:00:04]} 31. Ng3 {[%emt 0:00:51]} Qe7 {[%emt 0:25:48]} 32. Qxe7+ {[%emt 0:01:17]} Kxe7 {[%emt 0:00:03]} 33. h4 {[%emt 0:01:54]} Nf8 {[%emt 0:00:38]} 34. Nxf5+ {[%emt 0:00:10]} Kd7 {[%emt 0:00:03]} 35. Kg2 {[%emt 0:01:24]} Ng6 {[%emt 0:00:04]} 36. Kg3 {[%emt 0:00:04]} Ne5 {[%emt 0:00:33]} 37. Ng7 {[%emt 0:01:02]} Nxc4 {[%emt 0:00:39]} 38. Nxh5 {[%emt 0:00:07]} Nxb2 {[%emt 0:00:24]} 39. Nf6+ {[%emt 0:00:06]} Ke7 {[%emt 0:04:29]} 40. h5 {[%emt 0:00:08]} Nd3 {[%emt 0:00:26]} 41. h6 {[%emt 0:36:28]} Ne5 {[%emt 0:02:25]} 42. Ng4 {[%emt 0:00:00]} Ng6 {[%emt 0:00:41]} 43. Ne3 {[%emt 0:00:00]} a4 {[%emt 0:05:43]} 44. Nc4 {[%emt 0:00:00]} Nh8 {[%emt 0:11:56]} 1/2-1/2